000 00404nam a2200169Ia 4500
008 230524s9999 xx 000 0 und d
020 _a8188781134
082 _a621.3815
_bSWA
100 _aB.B.Swain
245 0 _aText Book of Electronics
250 _a3RD
260 _aNEW DELHI
_bKitab Mahal
_c2004
300 _aVII;535
500 _aQuantity Number: 5
650 _aElectronics
942 _cBK
999 _c24824
_d24824